00428pab a2200145 454500008004000000100001900040245010100059260000900160300001300169362001100182650001800193650001100211700002600222773003400248180718b2009 xxu||||| |||| 00| 0 eng d aSanyal, Kalyan aBeyond the factory: globalisation, informalisation of production and the new locations of labour c2009 ap.35-44. a30 May aGlobalization aLabour aBhattacharyya, Rajesh aEconomic and Political Weekly